Návrh systému ďalšieho vzdelávania pracovníkov podniku PMaC, s.r.o., Piešťany : Diplomová práca

Saved in:
Bibliographic Details
Main Author: Galo, Branislav (Author)
Other Authors: Horňák, František, 1969- (xxx)
Format: Manuscript Book
Language:Slovak
Published: Trnava : STU v Bratislave MtF KMK, 1998
Subjects:
Tags: Add Tag
No Tags, Be the first to tag this record!

MARC

LEADER 00000ntm a22000003a 4500
001 stu56958
005 20160719155126.8
008 010219s1998----xo------------------slo-d
040 |a STU  |b slo 
041 0 |a slo 
044 |a xo 
100 1 |a Galo, Branislav  |4 aut 
245 1 |a Návrh systému ďalšieho vzdelávania pracovníkov podniku PMaC, s.r.o., Piešťany :  |b Diplomová práca 
260 |a Trnava :  |b STU v Bratislave MtF KMK,  |c 1998 
300 |a 64 s  |c výťah 
650 7 |a vzdelávanie pracovníkov  |2 stusub 
650 7 |a manažment priemyselných podnikov  |2 stusub 
700 1 |a Horňák, František,  |d 1969-  |4 xxx  |u M4000  |U MTF Materiálovotechnologická fakulta  |T MTF Ústav priemyselného inžinierstva a manažmentu  |X 1533  |U M4000  |Y 84  |7 1533 
996 |b 284M023935  |c M*DP-608  |l MMSKP  |s P  |a 0  |w stu56958_0001